000 00432nam a22001577a 4500
003 OSt
005 20251103065357.0
008 251103b |||||||| |||| 00| 0 eng d
020 _a0816048037
_cAvailable
040 _cMP Hermitage
050 _aHQ 1063 .S77 2003
245 _aThe complete Retirement Survival Guide
_cStrauss Peter J.
250 _a2nd Edition
260 _aUSA
_bMP Hermitage 10987654321
_c2003
942 _2ddc
_cBK
_n0
999 _c9753
_d9753